00806nam a2200205 a 4500003000200000005001700002008004100019050002800060100002700088245014800115260009000263300004000353504004100393650002900434650003800463650002600501650002300527650002100550650002900571020250219101326.0110617s19uu xx 00 eng d aPHS RK 280b.Al411 2011 aAlino, Juan Paolo D.C. aA comparative study on the effect of Bactidol, Listerine, and hydrogen peroxide in the growth of streptococcus mutans /cJuan Paolo D.C. Alino. aLas Piñas City, Philippines :bSouthville International School and Colleges,c2011. a23 pages :billustrations ;c28 cm. aIncludes bibliographical references. aMouthwashxexperimental. aAntisepticsxComparative studies. aStreptococcus mutans. aOral microbiology. aMouthxBacteria. aMouthwashesxEvaluation.